Sustainable real estate investment (Record no. 116103)
[ view plain ]
| 000 -LEADER | |
|---|---|
| fixed length control field | 01891cad a22003135a 4500 |
| 001 - CONTROL NUMBER | |
| control field | L159758 |
| 008 - FIXED-LENGTH DATA ELEMENTS--GENERAL INFORMATION | |
| fixed length control field | 080924s2016 xxk f 000 0 eng d |
| 035 ## - SYSTEM CONTROL NUMBER | |
| System control number | (Sirsi) u159758 |
| 041 0# - LANGUAGE CODE | |
| Language code of text/sound track or separate title | eng |
| 050 04 - LIBRARY OF CONGRESS CALL NUMBER | |
| Classification number | 333.73 $2 22 |
| 110 2# - MAIN ENTRY--CORPORATE NAME | |
| Corporate name or jurisdiction name as entry element | UNPRI (UN Principles for Responsible Investment) |
| 9 (RLIN) | 6190 |
| 245 00 - TITLE STATEMENT | |
| Title | Sustainable real estate investment |
| Remainder of title | Implementing the Paris Climate agreement |
| -- | an action framework |
| Medium | [electronic resource] |
| 260 ## - PUBLICATION, DISTRIBUTION, ETC. | |
| Name of publisher, distributor, etc. | UNEPRI |
| Date of publication, distribution, etc. | 2016 |
| 505 2# - FORMATTED CONTENTS NOTE | |
| Formatted contents note | Why integrate environmental, social, governance and climate risks into investment decisions? -- How to integrate environmental, social, governance and climate risks: An action framework -- Framework for action -- Asset Owners and Trustees and their Investment Advisors -- Direct Real Estate Investment Managers, Property Companies and their Real Estate Consultants -- Equities, Bonds and Debt investors and their Financial Advisors -- Appendices -- Bibliography |
| 520 ## - SUMMARY, ETC. | |
| Summary, etc. | This framework is designed to help real estate investment stakeholders identify key drivers and overcome the most common barriers for action to integrate ESG and climate change risks into their decision making processes. It highlights the issue of climate risk and how this factors into reducing greenhouse gas emissions from property portfolios. |
| 590 ## - LOCAL NOTE (RLIN) | |
| Local note | KA NTK |
| 650 24 - SUBJECT ADDED ENTRY--TOPICAL TERM | |
| Topical term or geographic name entry element | CLIMATE CHANGE |
| 650 24 - SUBJECT ADDED ENTRY--TOPICAL TERM | |
| Topical term or geographic name entry element | GREENHOUSE GAS EMISSIONS |
| 650 24 - SUBJECT ADDED ENTRY--TOPICAL TERM | |
| Topical term or geographic name entry element | PROPERTY |
| 651 #4 - SUBJECT ADDED ENTRY--GEOGRAPHIC NAME | |
| Geographic name | International |
| 690 ## - LOCAL SUBJECT ADDED ENTRY--TOPICAL TERM (OCLC, RLIN) | |
| Topical term or geographic name as entry element | Investments |
| 9 (RLIN) | 6250 |
| 710 1# - ADDED ENTRY--CORPORATE NAME | |
| Corporate name or jurisdiction name as entry element | Investor Group on Climate Change |
| 710 1# - ADDED ENTRY--CORPORATE NAME | |
| Corporate name or jurisdiction name as entry element | Investor Network on Climate Risk Ceres |
| 710 1# - ADDED ENTRY--CORPORATE NAME | |
| Corporate name or jurisdiction name as entry element | Institutional Investors Group on Climate Change |
| 710 1# - ADDED ENTRY--CORPORATE NAME | |
| Corporate name or jurisdiction name as entry element | United Nations Environment Programme |
| 9 (RLIN) | 3690 |
| 710 1# - ADDED ENTRY--CORPORATE NAME | |
| Corporate name or jurisdiction name as entry element | Royal Institution of Chartered Surveyors |
| 9 (RLIN) | 4900 |
| 856 48 - ELECTRONIC LOCATION AND ACCESS | |
| Uniform Resource Identifier | <a href="https://www.unpri.org/download_report/13715">https://www.unpri.org/download_report/13715</a> |
| Public note | View the item free of charge at www.unpri.org... |
| 942 ## - ADDED ENTRY ELEMENTS (KOHA) | |
| Suppress in OPAC | 0 |
| Withdrawn status | Lost status | Source of classification or shelving scheme | Damaged status | Not for loan | Home library | Current library | Shelving location | Date acquired | Total Checkouts | Full call number | Barcode | Date last seen | Copy number | Price effective from | Koha item type |
|---|---|---|---|---|---|---|---|---|---|---|---|---|---|---|---|
| Dewey Decimal Classification | Virtual | Virtual | Online | 19/12/2017 | ONLINE PUBLICATION | 159758-2001 | 06/08/2019 | 1 | 06/08/2019 | Book |